FDS Cube in power BI (Record no. 364815)
[ view plain ]
| 000 -LEADER | |
|---|---|
| fixed length control field | 00426nam a22001457a 4500 |
| 003 - CONTROL NUMBER IDENTIFIER | |
| control field | 0 |
| 005 - DATE AND TIME OF LATEST TRANSACTION | |
| control field | 20221003153457.0 |
| 008 - FIXED-LENGTH DATA ELEMENTS--GENERAL INFORMATION | |
| fixed length control field | 221003b xxu||||| |||| 00| 0 eng d |
| 050 ## - LIBRARY OF CONGRESS CALL NUMBER | |
| Classification number | HD30.2 |
| Item number | .L54 2021 |
| 245 ## - TITLE STATEMENT | |
| Title | FDS Cube in power BI |
| Statement of responsibility, etc | Mark Angelo A. Ligot |
| 260 ## - PUBLICATION, DISTRIBUTION, ETC. (IMPRINT) | |
| Place of publication, distribution, etc | Las Pinas, Phillipines |
| Name of publisher, distributor, etc | Southville International School and Colleges |
| Date of publication, distribution, etc | C2021 |
| 300 ## - PHYSICAL DESCRIPTION | |
| Extent | x,50pp. |
| Dimensions | 28cm. |
| Type of unit | Theses |
| 500 ## - GENERAL NOTE | |
| General note | FDS cube |
| 942 ## - ADDED ENTRY ELEMENTS (KOHA) | |
| Source of classification or shelving scheme | Library of Congress Classification |
| Koha item type | Theses |
| Withdrawn status | Lost status | Source of classification or shelving scheme | Damaged status | Home library | Current library | Shelving location | Date acquired | Source of acquisition | Total Checkouts | Full call number | Barcode | Date last seen | Price effective from | Koha item type |
|---|---|---|---|---|---|---|---|---|---|---|---|---|---|---|
| Library of Congress Classification | College Library | College Library | Theses Section | 10/03/2022 | Donation | HD30.2 .L54 2021 | T1124 | 10/03/2022 | 10/03/2022 | Theses |